Indian and world geography : (Record no. 152369)

MARC details
000 -LEADER
fixed length control field 00760nam a22002177a 4500
005 - DATE AND TIME OF LATEST TRANSACTION
control field 20180529153756.0
020 ## - INTERNATIONAL STANDARD BOOK NUMBER
Terms of availability 575.00
International Standard Book Number 9789352607785
020 ## - INTERNATIONAL STANDARD BOOK NUMBER
Terms of availability 575.00
International Standard Book Number 9352607783
035 ## - SYSTEM CONTROL NUMBER
System control number B-685702
037 ## - SOURCE OF ACQUISITION
Source of stock number/acquisition RK Books
082 ## - DEWEY DECIMAL CLASSIFICATION NUMBER
Classification number 910
100 ## - MAIN ENTRY--PERSONAL NAME
Personal name Husain,Majid
245 ## - TITLE STATEMENT
Title Indian and world geography :
Statement of responsibility, etc by Majid Husain
Remainder of title for Civil Services preliminary and main examinations /
250 ## - EDITION STATEMENT
Edition statement 4th ed
260 ## - PUBLICATION, DISTRIBUTION, ETC. (IMPRINT)
Place of publication, distribution, etc Chennai
Name of publisher, distributor, etc McGraw Hill Education
Date of publication, distribution, etc 2017
270 ## - ADDRESS
Address 444/1, Sri Ekambara Naicker Industrial Estate, Alapakkam, Porur
City Chennai
Postal code 600116
300 ## - PHYSICAL DESCRIPTION
Extent various pagings :
Dimensions 25cm(pbk)
Other physical details ill.,maps
500 ## - GENERAL NOTE
General note Includes bibliographical references
942 ## - ADDED ENTRY ELEMENTS (KOHA)
Source of classification or shelving scheme Dewey Decimal Classification
Item type English Books
Call number suffix MAJ
Classification part 910
Holdings
Withdrawn status Lost status Not for loan Home library Current library Date acquired Full call number Koha item type
      Central Library Central Library 29/05/2018 910 MAJ English Books

© Delhi Public Library
Hit Counter
free hit counter